Statistics for Hall of Fame Trivia: Kareem Abdul-Jabbar

Click here to take the quiz!

General Stats

  • This quiz has been taken 47 times
  • The average score is 26 of 42

Answer Stats

HintAnswer% Correct
Rebound Titles1
100%
Draft Pick1
100%
Block Titles4
94%
All-Star Appearances19
92%
Years In College3
92%
MVPs6
92%
Championships6
92%
Scoring Titles2
89%
Finals MVPs2
89%
Career High Steals7
89%
Finals Appearances10
86%
Draft TeamMilwaukee Bucks
83%
First Team Played ForMilwaukee Bucks
83%
Career High Assists14
81%
Years Played20
81%
Triple-Doubles21
81%
Jersey Number33
81%
Career High Blocks11
78%
All-Defensive Teams Made11
78%
All-NBA Teams Made15
78%
Did he win ROY?Yes
78%
Debut Points29
75%
Second Team Played ForLos Angeles Lakers
72%
Career High Rebounds34
69%
Draft Year1969
67%
Career High Points55
67%
CollegeUCLA
61%
Hall of Fame Induction Year1995
53%
Finals Record6-4
50%
BirthnameFerdinand Lewis Alcindor Jr.
42%
BirthplaceNew York
33%
Total Career Points38387
25%
NicknameThe Captain
25%
College Games Played88
22%
Games Played1560
19%
Career Points Average24.6
19%
NBA Debut OpponentDetroit Pistons
19%
College Points Average26.4
17%
BirthdateApril 16, 1947
14%
Years With First Team1970-1975
11%
Years With Second Team1976-1989
11%
NBA Debut DateOctober 18, 1969
6%

Score Distribution

Percentile by Number Answered

Percent of People with Each Score

Your Score History

You have not taken this quiz